| 000 | 00707nam a2200229 a 4500 | ||
|---|---|---|---|
| 001 | 60762 | ||
| 003 | BD-RjUL | ||
| 005 | 20211209080859.0 | ||
| 008 | 170102s1987 ii b 001 0 eng | ||
| 020 | _a8170271118 | ||
| 035 | _a(BD-RjUL)60886 | ||
| 040 |
_aBD-RjUL _cBD-RjUL _dBD-RjUL _beng |
||
| 041 | _aeng | ||
| 082 | 0 | 0 |
_a378.091724 _223 _bALH 1987 |
| 100 | 1 |
_aAltbach, Philip G. _9181039 |
|
| 245 | 1 | 0 |
_aHigher education in the Third World : _bthemes and variations / _cPhilip G. Altbach. |
| 260 |
_aNew Delhi : _bRadiant Pub., _cc1987. |
||
| 300 |
_a239 p. ; _c26 cm. |
||
| 504 | _aIncludes bibliographies and index. | ||
| 650 | 0 |
_aEducation, Higher _zDeveloping countries. _9181040 |
|
| 942 |
_2ddc _cBK |
||
| 999 |
_c60762 _d60762 |
||